000 00745nam a2200265Ia 4500
003 OSt
005 20221005102403.0
006 a|||||r|||| 00| 0
007 ta
008 221004b |||||||| |||| 00| 0 eng d
020 _a1555810713
024 _a17607
037 _cTextual
040 _aCRL
_cCRL
_beng
041 _2eng
_aeng
082 _aE9G, N4
100 _aGlick Bernard R.
_9435496
245 0 _aMolecular biotechnology
_b Principles & applications of recombinants DNA
260 _aWashington
_bASM Press USA
_c1994
300 _a500p.
_ccm.
650 _aBIOTECHNOLOGY
700 _a Pasternak Jack J.
942 _hE9G, N4
_cTEXL
_2cc
999 _c1008299
_d1008299